Vzájomné pôsobenie premenných marketingového mixu
Niektoré zákonitosti vzťahov marketingového mixu a ich vnímanie zákazníkom. Modely vzájomne pôsobiacich efektov. Štyri základné marketingové nástroje a kombinácie vzťahov medzi premennými marketingového mixu: 1. produkt - cena, 2. produkt - distribúcia, 3. cena - reklama, 4. cena - distribúcia, 5. r...
Na minha lista:
| Autor principal: | |
|---|---|
| Formato: | Capítulo de Livro |
| Idioma: | eslovaco |
| Assuntos: | |
| Tags: |
Sem tags, seja o primeiro a adicionar uma tag!
|
MARC
| LEADER | 00000naa a2200000 4500 | ||
|---|---|---|---|
| 001 | r021171 | ||
| 005 | 20230921121928.6 | ||
| 041 | 0 | |a slo | |
| 044 | |a SK | ||
| 245 | 1 | 0 | |a Vzájomné pôsobenie premenných marketingového mixu |c J. Ďaďo |
| 520 | |a Niektoré zákonitosti vzťahov marketingového mixu a ich vnímanie zákazníkom. Modely vzájomne pôsobiacich efektov. Štyri základné marketingové nástroje a kombinácie vzťahov medzi premennými marketingového mixu: 1. produkt - cena, 2. produkt - distribúcia, 3. cena - reklama, 4. cena - distribúcia, 5. reklama - distribúcia. | ||
| 610 | 2 | 0 | |a marketing mix |
| 610 | 2 | 0 | |a zákazníci |
| 610 | 2 | 0 | |a modely |
| 610 | 2 | 0 | |a výrobky |
| 610 | 2 | 0 | |a ceny |
| 610 | 2 | 0 | |a distribúcia |
| 610 | 2 | 0 | |a reklama |
| 100 | 1 | |a Ďaďo, J. | |